[Event "EU-ch U16 30th"]
[Site "Antalya"]
[Date "2022.11.12"]
[Round "7"]
[White "Darsadze, Nikoloz"]
[Black "Bakiev, Diyor"]
[Result "1/2-1/2"]
[WhiteElo "1830"]
[BlackElo "2185"]
[PlyCount "92"]
[EventDate "2022.11.06"]
[EventType "swiss"]
[EventRounds "9"]
[EventCountry "TUR"]
[SourceTitle "EXT 2024"]
[Source "ChessBase"]
[SourceDate "2023.10.10"]
[SourceVersion "1"]
[SourceVersionDate "2023.10.10"]
[SourceQuality "1"]

1. d4 Nf6 2. c4 e6 3. Nf3 b6 4. g3 Bb4+ 5. Bd2 Be7 6. Bg2 c6 7. Nc3 d5 8. cxd5 cxd5 9. 0-0 0-0 10. Ne5 Bb7 11. Qc2 Nc6 12. Nxc6 Bxc6 13. a4 Rc8 14. Qd3 Bb4 15. Nb5 Bxd2 16. Qxd2 Qe7 17. Rfc1 Ne4 18. Qd3 a6 19. Nc3 Nd6 20. b3 Qb7 21. e3 Ra8 22. Bf1 Rfc8 23. Na2 a5 24. Nc3 Rc7 25. Rc2 Rac8 26. Rac1 Be8 27. f3 f5 28. Ne2 Rxc2 29. Rxc2 Rxc2 30. Qxc2 Qc8 31. Qxc8 Nxc8 32. e4 fxe4 33. fxe4 dxe4 34. Bh3 Ne7 35. Bxe6+ Bf7 36. Bxf7+ Kxf7 37. Kf2 Nd5 38. Nf4 Nf6 39. Ke3 g5 40. Nh3 Ke6 41. Nxg5+ Kf5 42. Nxe4 Ng4+ 43. Kd3 Nxh2 44. d5 Nf3 45. d6 h6 46. Ke3 Ne5 1/2-1/2

[Event "Gladenbach IM"]
[Site "Gladenbach"]
[Date "2022.09.04"]
[Round "11"]
[White "Bakiev, Diyor"]
[Black "Stork, Oliver"]
[Result "0-1"]
[WhiteElo "2267"]
[BlackElo "2321"]
[PlyCount "116"]
[EventDate "2022.08.29"]
[EventType "tourn"]
[EventRounds "11"]
[EventCountry "GER"]
[EventCategory "2"]
[SourceTitle "CBM 210 Extra"]
[Source "ChessBase"]
[SourceDate "2022.11.30"]
[SourceVersion "1"]
[SourceVersionDate "2022.11.30"]
[SourceQuality "1"]

1. e4 e5 2. Nf3 Nc6 3. Bb5 a6 4. Ba4 Nf6 5. 0-0 Nxe4 6. d4 b5 7. Bb3 d5 8. dxe5 Be6 9. c3 Bc5 10. Nd4 Nxe5 11. Bc2 Qh4 12. f3 Nd6 13. Be3 Nec4 14. Bf2 Qh6 15. Qe2 Nxb2 16. a4 0-0 17. axb5 axb5 18. Rxa8 Rxa8 19. Bxh7+ Qxh7 20. Qxb2 Bd7 21. Nd2 Qd3 22. N2b3 Bb6 23. Qc1 Ra2 24. Rd1 Qg6 25. Rd2 Rxd2 26. Nxd2 Nc4 27. Nxc4 dxc4 28. Qd1 Ba5 29. Be1 c5 30. Ne2 Qd3 31. Qxd3 cxd3 32. Nf4 c4 33. Nd5 f5 34. f4 Kf7 35. Kf2 Ke6 36. Ne3 Kd6 37. Bd2 Kc5 38. Ke1 g6 39. h3 Bc7 40. g3 Bc6 41. Kf2 Be4 42. Nd1 Kb6 43. g4 Ka5 44. Nb2 Bd6 45. g5 Ba3 46. Nd1 Ka4 47. h4 Kb3 48. h5 gxh5 49. g6 Bf8 50. Be3 Bg7 51. Bd4 Bxd4+ 52. cxd4 Bd5 53. Ne3 Bg8 54. d5 c3 55. d6 c2 56. d7 c1Q 57. d8Q Qd2+ 58. Kf1 Qe2+ 0-1

[Event "Gladenbach IM"]
[Site "Gladenbach"]
[Date "2022.09.02"]
[Round "8"]
[White "Bakiev, Diyor"]
[Black "Lesny, Florian"]
[Result "1/2-1/2"]
[WhiteElo "2267"]
[BlackElo "2241"]
[PlyCount "114"]
[EventDate "2022.08.29"]
[EventType "tourn"]
[EventRounds "11"]
[EventCountry "GER"]
[EventCategory "2"]
[SourceTitle "CBM 210 Extra"]
[Source "ChessBase"]
[SourceDate "2022.11.30"]
[SourceVersion "1"]
[SourceVersionDate "2022.11.30"]
[SourceQuality "1"]

1. e4 c5 2. Nf3 d6 3. Bb5+ Nd7 4. 0-0 a6 5. Bd3 Ngf6 6. Re1 e6 7. c3 b5 8. Bc2 c4 9. a4 Bb7 10. axb5 axb5 11. Rxa8 Qxa8 12. Na3 Bxe4 13. Bxe4 Nxe4 14. d3 cxd3 15. Qxd3 d5 16. Nxb5 Qb7 17. b4 Be7 18. Bg5 Bxg5 19. Nxg5 Ndf6 20. Nxe4 Nxe4 21. Qxe4 Qxb5 22. Qe5 0-0 23. h4 Ra8 24. Re3 Qb8 25. Qxb8+ Rxb8 26. Rd3 h5 27. Kf1 Kf8 28. Ke2 Ke7 29. Rd2 Kd6 30. Ra2 Rb7 31. Kd3 Ke5 32. g3 f6 33. Ra6 g5 34. Ra8 Kf5 35. hxg5 fxg5 36. Rh8 Kg4 37. Kd4 Rf7 38. Ke5 Rxf2 39. Kxe6 Rc2 40. Kxd5 Rxc3 41. b5 Rxg3 42. b6 Rb3 43. Kc6 h4 44. b7 h3 45. b8Q Rxb8 46. Rxb8 Kf3 47. Rb3+ Kg4 48. Kd5 h2 49. Rb1 Kf3 50. Rb3+ Kg2 51. Rb2+ Kh3 52. Rb3+ Kh4 53. Rb1 g4 54. Ke4 Kg3 55. Rb3+ Kg2 56. Rb2+ Kh3 57. Rb1 Kg2 1/2-1/2

[Event "Gladenbach IM"]
[Site "Gladenbach"]
[Date "2022.09.01"]
[Round "6"]
[White "Bakiev, Diyor"]
[Black "Kersten, Uwe"]
[Result "0-1"]
[WhiteElo "2267"]
[BlackElo "2253"]
[PlyCount "60"]
[EventDate "2022.08.29"]
[EventType "tourn"]
[EventRounds "11"]
[EventCountry "GER"]
[EventCategory "2"]
[SourceTitle "CBM 210 Extra"]
[Source "ChessBase"]
[SourceDate "2022.11.30"]
[SourceVersion "1"]
[SourceVersionDate "2022.11.30"]
[SourceQuality "1"]

1. e4 e6 2. d4 d5 3. Nd2 Nf6 4. e5 Nfd7 5. Bd3 c5 6. c3 Nc6 7. Ne2 a5 8. 0-0 cxd4 9. cxd4 Nb6 10. f4 g6 11. Nf3 h5 12. a3 a4 13. Nc3 Bd7 14. Nb5 Na5 15. f5 gxf5 16. Bg5 Qb8 17. Bf6 Rh6 18. Qc1 Nbc4 19. Bxc4 Nxc4 20. Nc3 Qa7 21. Qg5 Rg6 22. Qxh5 Rc8 23. Rf2 Nxb2 24. Nh4 Rg4 25. Nxd5 Qxd4 26. Nf3 Qxd5 27. Ng5 Rxg5 28. Qxg5 Nd3 29. Rff1 Qd4+ 30. Kh1 Nf2+ 0-1

[Event "Gladenbach IM"]
[Site "Gladenbach"]
[Date "2022.08.30"]
[Round "2"]
[White "Bakiev, Diyor"]
[Black "Spitzl, Vinzent"]
[Result "0-1"]
[WhiteElo "2267"]
[BlackElo "2311"]
[PlyCount "90"]
[EventDate "2022.08.29"]
[EventType "tourn"]
[EventRounds "11"]
[EventCountry "GER"]
[EventCategory "2"]
[SourceTitle "CBM 210 Extra"]
[Source "ChessBase"]
[SourceDate "2022.11.30"]
[SourceVersion "1"]
[SourceVersionDate "2022.11.30"]
[SourceQuality "1"]

1. e4 d5 2. exd5 Qxd5 3. Nc3 Qd8 4. d4 Nf6 5. Nf3 g6 6. Bc4 Bg7 7. 0-0 0-0 8. Be3 a6 9. a4 Bg4 10. h3 Bxf3 11. Qxf3 Nc6 12. Rad1 Qd7 13. Bb3 Na5 14. Ba2 b5 15. d5 b4 16. Ne4 Qxa4 17. Ra1 Qb5 18. d6 cxd6 19. Nxf6+ Bxf6 20. Bh6 Rfc8 21. Bd5 Rab8 22. Rfe1 Rf8 23. Bxf8 Rxf8 24. Qd3 Rb8 25. c4 Qc5 26. Re2 e6 27. Bf3 b3 28. Ra4 Rb4 29. Rxb4 Qxb4 30. c5 Qxc5 31. Qxa6 Qc1+ 32. Kh2 Nc4 33. Qb7 Nd2 34. Qc6 Bxb2 35. Qxc1 Bxc1 36. Be4 f5 37. Bd3 Kf7 38. Re1 b2 39. Kg1 d5 40. f3 Kf6 41. Kf2 e5 42. Bc2 e4 43. Re2 Nc4 44. Ke1 Na3 45. Kd1 e3 0-1

[Event "Rhein Main op-A 24th"]
[Site "Bad Homburg"]
[Date "2022.06.18"]
[Round "5"]
[White "Lesny, Florian"]
[Black "Bakiev, Diyor"]
[Result "1/2-1/2"]
[WhiteElo "2221"]
[BlackElo "2236"]
[PlyCount "53"]
[EventDate "2022.06.15"]
[EventType "swiss"]
[EventRounds "7"]
[EventCountry "GER"]
[SourceTitle "EXT 2023"]
[Source "ChessBase"]
[SourceDate "2022.10.05"]
[SourceVersion "1"]
[SourceVersionDate "2022.10.05"]
[SourceQuality "1"]

1. e4 c6 2. d4 d5 3. Nc3 dxe4 4. Nxe4 Bf5 5. Ng3 Bg6 6. h4 h6 7. Nf3 Nd7 8. h5 Bh7 9. Bd3 Bxd3 10. Qxd3 e6 11. Bd2 Ngf6 12. 0-0-0 Be7 13. Ne4 Nxe4 14. Qxe4 Nf6 15. Qe2 Qd5 16. c4 Qe4 17. Qxe4 Nxe4 18. Be3 f5 19. Nd2 Nxd2 20. Rxd2 Kf7 21. d5 cxd5 22. cxd5 Rhd8 23. Rhd1 exd5 24. Rxd5 Rac8+ 25. Kb1 Rxd5 26. Rxd5 Ke6 27. Rd3 1/2-1/2

[Event "Rhein Main op-A 24th"]
[Site "Bad Homburg"]
[Date "2022.06.16"]
[Round "2"]
[White "Bakiev, Diyor"]
[Black "Westenthanner, Paul"]
[Result "1-0"]
[WhiteElo "2236"]
[BlackElo "2043"]
[PlyCount "75"]
[EventDate "2022.06.15"]
[EventType "swiss"]
[EventRounds "7"]
[EventCountry "GER"]
[SourceTitle "EXT 2023"]
[Source "ChessBase"]
[SourceDate "2022.10.05"]
[SourceVersion "1"]
[SourceVersionDate "2022.10.05"]
[SourceQuality "1"]

1. e4 c6 2. d4 d5 3. exd5 cxd5 4. c4 Nf6 5. Nc3 g6 6. Qb3 Bg7 7. cxd5 0-0 8. Be2 Nbd7 9. Bf3 Nb6 10. Nge2 Bg4 11. Bxg4 Nxg4 12. a4 a5 13. 0-0 Nf6 14. Nf4 Qd6 15. Re1 Qb4 16. Qa2 Rfd8 17. Bd2 Qd6 18. Ne6 fxe6 19. Rxe6 Qb4 20. d6 Kh8 21. dxe7 Rxd4 22. Ne4 Rxd2 23. Nxf6 Bxf6 24. e8Q+ Rxe8 25. Rxe8+ Kg7 26. Qg8+ Kh6 27. Re3 Bh4 28. Rf1 Rd8 29. Qe6 Kg7 30. Rb3 Rd6 31. Rxb4 Rxe6 32. Rxh4 Re2 33. Rb1 Rc2 34. b3 Nd5 35. g3 Nc3 36. Re1 Rb2 37. Re7+ Kf6 38. Rxb7 1-0

[Event "GER-ch U16"]
[Site "Willingen"]
[Date "2022.06.07"]
[Round "4"]
[White "Ohler, Julius"]
[Black "Bakiev, Diyor"]
[Result "0-1"]
[WhiteElo "2011"]
[BlackElo "2236"]
[PlyCount "72"]
[EventDate "2022.06.04"]
[EventType "swiss"]
[EventRounds "9"]
[EventCountry "GER"]
[SourceTitle "CBM 208 Extra"]
[Source "ChessBase"]
[SourceDate "2022.07.31"]
[SourceVersion "1"]
[SourceVersionDate "2022.07.31"]
[SourceQuality "1"]

1. d4 Nf6 2. Bg5 Ne4 3. h4 h6 4. Bf4 c5 5. c3 Qb6 6. Nd2 Nxd2 7. Qxd2 cxd4 8. Nf3 dxc3 9. bxc3 Nc6 10. e4 d6 11. Be3 Qc7 12. Be2 e5 13. 0-0 Be7 14. Rfd1 0-0 15. c4 Rd8 16. Rac1 Bg4 17. g3 Rac8 18. Qb2 b6 19. Kg2 Na5 20. Rd5 Be6 21. Rb5 Bd7 22. Rb4 Bc6 23. Nd2 f5 24. f3 Rf8 25. Qb1 f4 26. Bf2 fxg3 27. Bxg3 Qd8 28. Rh1 Bd7 29. Rb2 Be6 30. Rc2 Qe8 31. Qc1 Nc6 32. Nb3 Kh8 33. Qd2 Qf7 34. Rhc1 a5 35. a4 Nb4 36. Rc3 Rc6 0-1

[Event "Oberliga Ost-B 2122"]
[Site "Germany"]
[Date "2022.04.02"]
[Round "10.4"]
[White "Bakiev, Diyor"]
[Black "Rempel, Patrick"]
[Result "1-0"]
[WhiteElo "2147"]
[BlackElo "2063"]
[PlyCount "77"]
[EventDate "2021.10.10"]
[EventType "team-tourn"]
[EventRounds "11"]
[EventCountry "GER"]
[SourceTitle "EXT 2023"]
[Source "ChessBase"]
[SourceDate "2022.10.05"]
[SourceVersion "1"]
[SourceVersionDate "2022.10.05"]
[SourceQuality "1"]
[WhiteTeam "Wiesbaden"]
[BlackTeam "Erfurt Empor"]
[WhiteTeamCountry "GER"]
[BlackTeamCountry "GER"]

1. e4 e5 2. Nf3 Nc6 3. d4 exd4 4. Bc4 Bc5 5. c3 Nf6 6. cxd4 Bb4+ 7. Bd2 Bxd2+ 8. Nbxd2 d5 9. exd5 Nxd5 10. Qb3 Nce7 11. 0-0 0-0 12. Ne5 c6 13. Rfe1 Qb6 14. Qa3 Nf5 15. Nb3 Be6 16. Nc5 Rad8 17. Nf3 Bc8 18. Rad1 Nd6 19. Bxd5 cxd5 20. b3 Bg4 21. Rd3 Rfe8 22. Rxe8+ Rxe8 23. h3 Bxf3 24. Rxf3 Re1+ 25. Kh2 h6 26. Na4 Qc7 27. Qc5 Qxc5 28. dxc5 Ne4 29. Rf5 d4 30. Rd5 Rd1 31. f3 Nf6 32. Rd8+ Kh7 33. b4 Rd2 34. b5 d3 35. Nc3 Ng8 36. c6 bxc6 37. bxc6 Ne7 38. c7 Kg6 39. Nd5 1-0

[Event "Heusenstamm Sparkassen op-A 7th"]
[Site "Heusenstamm"]
[Date "2021.11.21"]
[Round "7.23"]
[White "Bakiev, Diyor"]
[Black "Muedder, Rafael"]
[Result "0-1"]
[WhiteElo "2107"]
[BlackElo "1999"]
[PlyCount "122"]
[EventDate "2021.11.18"]
[EventType "swiss"]
[EventRounds "7"]
[EventCountry "GER"]
[SourceTitle "EXT 2023"]
[Source "ChessBase"]
[SourceDate "2022.10.05"]
[SourceVersion "1"]
[SourceVersionDate "2022.10.05"]
[SourceQuality "1"]

1. e4 c5 2. c3 d5 3. exd5 Qxd5 4. d4 Nc6 5. Nf3 Nf6 6. Be2 cxd4 7. cxd4 Qd6 8. 0-0 e6 9. Nc3 Be7 10. Be3 0-0 11. Qd2 Nd5 12. Bc4 Rd8 13. Nxd5 exd5 14. Bd3 Bg4 15. Rfe1 Bxf3 16. gxf3 Qf6 17. Qe2 Bd6 18. Rad1 Qh4 19. f4 Bxf4 20. Bxf4 Qxf4 21. Qe3 Qxe3 22. fxe3 g6 23. Rc1 Rac8 24. Bb5 Ne7 25. Kf2 f5 26. b4 Kf7 27. Bd3 Rxc1 28. Rxc1 Rc8 29. Rb1 Rc3 30. Ke2 Nc8 31. Kd2 Rc7 32. b5 b6 33. a4 Nd6 34. Rb4 Kf6 35. h4 h6 36. Rb1 g5 37. hxg5+ hxg5 38. Rh1 Kg6 39. Rh8 Rc8 40. Rh1 g4 41. Rh4 Ne4+ 42. Bxe4 dxe4 43. Rh1 Rc4 44. Ra1 Kg5 45. a5 Rb4 46. Kc3 Rxb5 47. axb6 axb6 48. Ra8 Ra5 49. Rg8+ Kh4 50. Kc4 Ra3 51. d5 Rxe3 52. Kd4 Rf3 53. d6 Rd3+ 54. Ke5 e3 55. Kxf5 Rd5+ 56. Kf4 Rd4+ 57. Kf5 e2 58. d7 e1Q 59. Rxg4+ Rxg4 60. d8Q+ Kh3 61. Qh8+ Rh4 0-1

[Event "Heusenstamm Sparkassen op-A 7th"]
[Site "Heusenstamm"]
[Date "2021.11.18"]
[Round "1.31"]
[White "Bakiev, Diyor"]
[Black "Sittinger, Lutz"]
[Result "1-0"]
[WhiteElo "2107"]
[BlackElo "1915"]
[PlyCount "53"]
[EventDate "2021.11.18"]
[EventType "swiss"]
[EventRounds "7"]
[EventCountry "GER"]
[SourceTitle "EXT 2023"]
[Source "ChessBase"]
[SourceDate "2022.10.05"]
[SourceVersion "1"]
[SourceVersionDate "2022.10.05"]
[SourceQuality "1"]

1. e4 e5 2. Nf3 Nc6 3. Bb5 a6 4. Ba4 b5 5. Bb3 Bc5 6. 0-0 d6 7. c3 Nf6 8. Re1 0-0 9. d4 exd4 10. cxd4 Bb6 11. h3 h6 12. Nc3 Bb7 13. e5 dxe5 14. dxe5 Qxd1 15. Rxd1 Nh7 16. Nd5 Ba5 17. Bd2 Rad8 18. Bxa5 Nxa5 19. Ne7+ Kh8 20. Rxd8 Rxd8 21. Bxf7 g5 22. e6 Bxf3 23. gxf3 Nf6 24. Re1 Rb8 25. Nf5 Nc4 26. e7 Ne8 27. Re6 1-0

[Event "EU-ch Hybrid U14"]
[Site "Tornelo INT"]
[Date "2021.10.15"]
[Round "3"]
[White "Bakiev, Diyor"]
[Black "Aleksanyan, Davit"]
[Result "1-0"]
[WhiteElo "2074"]
[BlackElo "1795"]
[PlyCount "187"]
[EventDate "2021.10.15"]
[EventType "swiss"]
[EventRounds "9"]
[EventCountry "NET"]
[SourceTitle "EXT 2023"]
[Source "ChessBase"]
[SourceDate "2022.10.05"]
[SourceVersion "1"]
[SourceVersionDate "2022.10.05"]
[SourceQuality "1"]
[WhiteTeam "Germany"]
[BlackTeam "Armenia"]
[WhiteTeamCountry "GER"]
[BlackTeamCountry "ARM"]

1. e4 Nf6 2. e5 Nd5 3. c4 Nb6 4. d4 d6 5. exd6 cxd6 6. Nc3 g6 7. Be3 Bg7 8. Rc1 0-0 9. Be2 Nc6 10. Nf3 Bg4 11. b3 e5 12. d5 Bxf3 13. Bxf3 Nd4 14. Bxd4 exd4 15. Ne2 Qf6 16. 0-0 Nd7 17. Qd2 Nc5 18. Rcd1 d3 19. Nc1 a5 20. Nxd3 b6 21. Rfe1 a4 22. b4 Nxd3 23. Qxd3 a3 24. Rb1 Qc3 25. Qxc3 Bxc3 26. Re3 Bb2 27. Bd1 Rfe8 28. Bb3 Rxe3 29. fxe3 Bc3 30. Bc2 Rc8 31. Bd3 f5 32. Rb3 Bd2 33. Kf2 Re8 34. Be2 Kg7 35. c5 bxc5 36. bxc5 dxc5 37. Rxa3 Kf6 38. Ra6+ Kg5 39. Re6 Rb8 40. d6 Ba5 41. d7 Rb7 42. Rd6 Bd8 43. a4 Rb2 44. Kf3 Rb6 45. Rd5 Rc6 46. Bb5 Rc7 47. Re5 Rb7 48. Re8 Rb8 49. Ba6 Kf6 50. Bc8 Ba5 51. d8Q+ Bxd8 52. Rxd8 Ra8 53. Rd6+ Ke7 54. Rc6 Rxa4 55. Rxc5 Kd6 56. Rc2 Ke5 57. Bd7 Rb4 58. Bc6 g5 59. Kf2 h6 60. Bf3 g4 61. Be2 h5 62. Rc5+ Kf6 63. Bd3 Rb2+ 64. Kg3 h4+ 65. Kxh4 Rxg2 66. Rxf5+ Ke6 67. Rf4 Ke5 68. Rxg4 Rxh2+ 69. Kg3 Rd2 70. Re4+ Kf5 71. Rd4+ Ke5 72. Kf3 Rd1 73. Re4+ Kf5 74. Be2 Rh1 75. Rf4+ Ke5 76. Rg4 Rh3+ 77. Rg3 Rh5 78. Bd3 Rh2 79. Rg5+ Kf6 80. Ra5 Rh3+ 81. Kf4 Rh4+ 82. Kg3 Rb4 83. Be2 Rb2 84. Bf3 Ke6 85. Kf4 Rb8 86. Ra6+ Ke7 87. Bg4 Rb4+ 88. e4 Rb1 89. Bf5 Rc1 90. Ra7+ Kd6 91. e5+ Kc6 92. Kg5 Kd5 93. Kf6 Rc6+ 94. e6 1-0

[Event "EU-ch Hybrid U14"]
[Site "Tornelo INT"]
[Date "2021.10.15"]
[Round "6"]
[White "Rakovsky, Jakub"]
[Black "Bakiev, Diyor"]
[Result "1-0"]
[WhiteElo "1916"]
[BlackElo "2074"]
[PlyCount "65"]
[EventDate "2021.10.15"]
[EventType "swiss"]
[EventRounds "9"]
[EventCountry "NET"]
[SourceTitle "EXT 2023"]
[Source "ChessBase"]
[SourceDate "2022.10.05"]
[SourceVersion "1"]
[SourceVersionDate "2022.10.05"]
[SourceQuality "1"]
[WhiteTeam "Slovakia"]
[BlackTeam "Germany"]
[WhiteTeamCountry "SVK"]
[BlackTeamCountry "GER"]

1. e4 c6 2. d4 d5 3. e5 Bf5 4. h4 h5 5. c4 e6 6. Nc3 Ne7 7. Bg5 Qb6 8. Qd2 Nd7 9. a3 dxc4 10. Bxc4 0-0-0 11. Be3 Nd5 12. Na4 Qc7 13. Bxd5 exd5 14. Ne2 Be7 15. b4 Nb6 16. Nxb6+ Qxb6 17. Nc3 f6 18. exf6 gxf6 19. 0-0 Kb8 20. Bf4+ Ka8 21. b5 cxb5 22. a4 Bb4 23. axb5 a5 24. Ra4 Qa7 25. Rfa1 Rhe8 26. Rxb4 axb4 27. Rxa7+ Kxa7 28. Bc7 b6 29. Bxd8 Rxd8 30. Qa2+ Kb8 31. Na4 Kb7 32. Qb3 Re8 33. Qxd5+ 1-0

[Event "EU-ch Hybrid U14"]
[Site "Tornelo INT"]
[Date "2021.10.15"]
[Round "2"]
[White "Shapovalovi, Vasiko"]
[Black "Bakiev, Diyor"]
[Result "0-1"]
[WhiteElo "1726"]
[BlackElo "2074"]
[PlyCount "66"]
[EventDate "2021.10.15"]
[EventType "swiss"]
[EventRounds "9"]
[EventCountry "NET"]
[SourceTitle "EXT 2023"]
[Source "ChessBase"]
[SourceDate "2022.10.05"]
[SourceVersion "1"]
[SourceVersionDate "2022.10.05"]
[SourceQuality "1"]
[WhiteTeam "Georgia"]
[BlackTeam "Germany"]
[WhiteTeamCountry "GEO"]
[BlackTeamCountry "GER"]

1. Nf3 Nf6 2. c4 e6 3. Nc3 d5 4. e3 c5 5. cxd5 exd5 6. d4 Nc6 7. Be2 Be7 8. 0-0 0-0 9. dxc5 Bxc5 10. b3 Be6 11. Bb2 Qe7 12. Rc1 Rfd8 13. Nb5 Ne4 14. Nbd4 Rac8 15. Nxc6 bxc6 16. Nd4 Bd7 17. Bg4 Bd6 18. Bxd7 Qxd7 19. Ne2 Qe6 20. Qd4 Qh6 21. Ng3 c5 22. Qa4 Bxg3 23. hxg3 Rd6 24. Be5 Re6 25. Qd7 Rce8 26. Bb2 Qh5 27. Rfd1 d4 28. g4 Qh4 29. Rc2 Rd8 30. Qc7 Rh6 31. Kf1 d3 32. Rxd3 Rxd3 33. Qe5 Qh1+ 0-1

[Event "GER-chT Lands U20"]
[Site "Neumuenster"]
[Date "2021.10.04"]
[Round "5.4"]
[White "Payyappat, Sayas"]
[Black "Bakiev, Diyor"]
[Result "0-1"]
[WhiteElo "2213"]
[BlackElo "2096"]
[PlyCount "108"]
[EventDate "2021.10.01"]
[EventType "team-swiss"]
[EventRounds "7"]
[EventCountry "GER"]
[SourceTitle "CBM 204 Extra"]
[Source "ChessBase"]
[SourceDate "2021.11.30"]
[SourceVersion "1"]
[SourceVersionDate "2021.11.30"]
[SourceQuality "1"]
[WhiteTeam "Niedersachsen"]
[BlackTeam "Hessen"]
[WhiteTeamCountry "GER"]
[BlackTeamCountry "GER"]

1. e4 c6 2. d4 d5 3. Nc3 dxe4 4. Nxe4 Bf5 5. Ng3 Bg6 6. Nf3 Nd7 7. h4 h6 8. Bd3 Bxd3 9. Qxd3 e6 10. Bd2 Ngf6 11. 0-0-0 Be7 12. Ne4 Nxe4 13. Qxe4 Nf6 14. Qe2 Qd5 15. c4 Qe4 16. Be3 Ng4 17. Nd2 Qf5 18. f3 Nxe3 19. Qxe3 Bd6 20. g4 Bf4 21. Qa3 Qf6 22. Kb1 Qe7 23. Qa4 0-0 24. Qc2 Rad8 25. Ne4 f5 26. gxf5 exf5 27. Nc5 b6 28. Nb3 a5 29. d5 cxd5 30. Rhe1 Qb4 31. cxd5 Rxd5 32. a3 Rxd1+ 33. Rxd1 Qe7 34. Qc4+ Qf7 35. Nxa5 Bg3 36. Rd7 Qxc4 37. Nxc4 Bxh4 38. Nxb6 g5 39. Rd6 Kg7 40. Nc4 g4 41. fxg4 fxg4 42. Ne5 g3 43. Rg6+ Kh7 44. Rg4 Rf5 45. Nd3 Rg5 46. Rxg5 Bxg5 47. Ne1 h5 48. Nf3 Kg6 49. Kc2 h4 50. Ng1 Be3 51. Ne2 g2 52. Kd3 h3 53. Kxe3 h2 54. Nf4+ Kf5 0-1

[Event "GER-ch U14"]
[Site "Willingen"]
[Date "2021.08.27"]
[Round "7"]
[White "Hagner, Bennet"]
[Black "Bakiev, Diyor"]
[Result "1/2-1/2"]
[WhiteElo "2118"]
[BlackElo "2119"]
[PlyCount "66"]
[EventDate "2021.08.22"]
[EventType "swiss"]
[EventRounds "9"]
[EventCountry "GER"]
[SourceTitle "EXT 2022"]
[Source "ChessBase"]
[SourceDate "2021.10.06"]
[SourceVersion "1"]
[SourceVersionDate "2021.10.06"]
[SourceQuality "1"]

1. e4 b6 2. d4 Bb7 3. Nc3 e6 4. Bd3 Bb4 5. a3 Bxc3+ 6. bxc3 f5 7. f3 Qh4+ 8. g3 Qf6 9. Nh3 Ne7 10. Bf4 c5 11. Bg5 Qf7 12. 0-0 0-0 13. Rb1 cxd4 14. cxd4 Nbc6 15. Be3 Rac8 16. Nf4 Na5 17. Qe2 g5 18. Ng2 h6 19. Bd2 Nac6 20. c3 Ng6 21. h4 Qf6 22. hxg5 hxg5 23. e5 Qg7 24. Kf2 Kf7 25. Qe3 Na5 26. Qxg5 Ne7 27. Qxg7+ Kxg7 28. Nf4 Nd5 29. Nxd5 Bxd5 30. Rh1 Rh8 31. Ke2 Nc4 32. Bg5 Rxh1 33. Rxh1 Nb2 1/2-1/2

[Event "GER-ch U14"]
[Site "Willingen"]
[Date "2020.10.22"]
[Round "4"]
[White "Hecht, Jonas Christian"]
[Black "Bakiev, Diyor"]
[Result "0-1"]
[WhiteElo "1764"]
[BlackElo "2070"]
[PlyCount "100"]
[EventDate "2020.10.19"]
[EventType "swiss"]
[EventRounds "7"]
[EventCountry "GER"]
[SourceTitle "EXT 2022"]
[Source "ChessBase"]
[SourceDate "2021.10.06"]
[SourceVersion "1"]
[SourceVersionDate "2021.10.06"]
[SourceQuality "1"]

1. c4 e5 2. Nc3 Nf6 3. Nf3 Nc6 4. g3 d5 5. cxd5 Nxd5 6. Bg2 Nb6 7. 0-0 Be7 8. a3 0-0 9. b4 Be6 10. Rb1 f6 11. d3 a5 12. b5 Nd4 13. Nxd4 exd4 14. Na4 Bd5 15. Nxb6 cxb6 16. Bh3 a4 17. Bb2 Bc5 18. Bg2 Bxg2 19. Kxg2 Qd7 20. Bc1 Rfe8 21. Re1 Re5 22. h4 Bf8 23. Qc2 Rc5 24. Qb2 Rac8 25. f3 Qd5 26. Qa1 Rc2 27. Rb2 R8c3 28. Rxc2 Rxc2 29. Bb2 Qxb5 30. Bxd4 Qxd3 31. Kf2 Qxa3 32. Qxa3 Bxa3 33. Ra1 Rc4 34. Bxb6 Bb2 35. Ra2 a3 36. Ke3 Rb4 37. Bc5 Ra4 38. Kd3 b5 39. Be3 Kf7 40. Bc5 Ke6 41. e4 g6 42. f4 f5 43. e5 Kd5 44. Bd6 b4 45. Kc2 Kc4 46. Rxb2 a2 47. Rxa2 Rxa2+ 48. Kb1 Re2 49. Kc1 Kc3 50. Kd1 Re4 0-1

[Event "GER-ch U14"]
[Site "Willingen"]
[Date "2020.10.20"]
[Round "1"]
[White "Bakiev, Diyor"]
[Black "Fuhrmann, Bahne"]
[Result "1-0"]
[WhiteElo "2070"]
[BlackElo "1816"]
[PlyCount "87"]
[EventDate "2020.10.19"]
[EventType "swiss"]
[EventRounds "7"]
[EventCountry "GER"]
[SourceTitle "EXT 2022"]
[Source "ChessBase"]
[SourceDate "2021.10.06"]
[SourceVersion "1"]
[SourceVersionDate "2021.10.06"]
[SourceQuality "1"]

1. e4 e5 2. Nf3 Nc6 3. Bb5 a6 4. Ba4 Nf6 5. Bxc6 dxc6 6. d3 Bd6 7. Nbd2 Bd7 8. Nc4 Qe7 9. Bd2 b5 10. Ne3 Nh5 11. Bc3 Nf4 12. g3 Ng6 13. h4 h5 14. a4 b4 15. Bd2 f6 16. Qe2 Be6 17. b3 Qf7 18. Nc4 c5 19. 0-0-0 Ne7 20. Ne1 Nc6 21. Be3 Nd4 22. Bxd4 cxd4 23. Ng2 g5 24. hxg5 Bxc4 25. g6 Qxg6 26. dxc4 Qg5+ 27. Kb1 c5 28. Nh4 0-0-0 29. Nf5 Kc7 30. Rh4 Rd7 31. Rdh1 Rdh7 32. g4 Bf8 33. gxh5 Bh6 34. f4 Qg8 35. fxe5 fxe5 36. Rg4 Qf7 37. Rhg1 Qxh5 38. Qg2 Kb8 39. Rh1 Qxh1+ 40. Qxh1 Bd2 41. Qd1 Bc3 42. Rg1 Rh2 43. Ne7 Kc7 44. Nd5+ 1-0

[Event "EU-ch Online U14"]
[Site "Tornelo INT"]
[Date "2020.09.20"]
[Round "9"]
[White "Bakiev, Diyor"]
[Black "Jaggy, Matteo"]
[Result "0-1"]
[WhiteElo "2070"]
[BlackElo "1435"]
[PlyCount "170"]
[EventDate "2020.09.18"]
[EventType "swiss (rapid)"]
[EventRounds "9"]
[EventCountry "NET"]
[SourceTitle "EXT 2023"]
[Source "ChessBase"]
[SourceDate "2022.10.05"]
[SourceVersion "1"]
[SourceVersionDate "2022.10.05"]
[SourceQuality "1"]
[WhiteTeam "Germany"]
[BlackTeam "Schweiz"]
[WhiteTeamCountry "GER"]
[BlackTeamCountry "SUI"]

1. e4 c5 2. c3 d5 3. exd5 Qxd5 4. d4 Nf6 5. Nf3 e6 6. Bd3 Be7 7. 0-0 0-0 8. Be3 Rd8 9. Bc2 cxd4 10. cxd4 Nc6 11. Nc3 Qh5 12. Ne5 Qxd1 13. Rfxd1 Nb4 14. Bb3 Bd7 15. Rac1 Be8 16. Bf4 Rac8 17. h3 Nc6 18. Nf3 h6 19. d5 exd5 20. Nxd5 Nxd5 21. Bxd5 Bf6 22. b3 b6 23. Nh2 Nb4 24. Rxc8 Rxc8 25. Ng4 Nxd5 26. Rxd5 Be7 27. Ne3 Bc6 28. Rd1 Bc5 29. Nc4 Bb5 30. Ne5 f6 31. Nf3 Re8 32. Rd2 Kf7 33. a4 Bc6 34. Nd4 Re1+ 35. Kh2 Be8 36. Nc2 Rb1 37. Bb8 a5 38. Nd4 Bd7 39. Bc7 Bc8 40. f3 Bxd4 41. Rxd4 Rxb3 42. Rd6 b5 43. axb5 Rxb5 44. Rd8 Bb7 45. Rd7+ Ke6 46. Rxg7 a4 47. Rg4 a3 48. Ra4 Rb3 49. Bf4 Bc6 50. Ra6 Rc3 51. Bxh6 Kf7 52. h4 Bd5 53. Bd2 Rd3 54. Bb4 a2 55. Ra7+ Kg6 56. Bf8 Rd1 57. h5+ Kxh5 58. g4+ Kg5 59. Kg3 Rg1+ 60. Kf2 a1Q 61. Rg7+ Kf4 62. Bd6+ Qe5 63. Bxe5+ fxe5 64. Rd7 Rd1 65. g5 Rd4 66. g6 Kf5 67. g7 Kf6 68. Rxd5 Kxg7 69. Rxe5 Kf6 70. Ra5 Rb4 71. Kg3 Rc4 72. Ra6+ Kf5 73. Ra5+ Kf6 74. f4 Rc3+ 75. Kg4 Rc4 76. Ra6+ Kf7 77. Kg5 Rc1 78. Rb6 Rg1+ 79. Kf5 Rc1 80. Rb7+ Ke8 81. Rb5 Rg1 82. Kf6 Rf1 83. f5 Re1 84. Rb8+ Kd7 85. Ra8 Re2 0-1